| 000 | 00462nam a2200181Ia 4500 | ||
|---|---|---|---|
| 005 | 20240823060930.0 | ||
| 008 | 240823s9999||||xx |||||||||||||| ||und|| | ||
| 041 | _aENGLISH | ||
| 082 | _A658.156 Q4 | ||
| 100 | _aDhanesh Kumar Khatri | ||
| 245 | 0 | _aInvestment Management and Security Analysis | |
| 250 | _a2nd | ||
| 260 |
_c2014 _bTrinity |
||
| 500 | _aTRANSFERED | ||
| 650 |
_aManagement Accounting _bManagement Studies |
||
| 942 | _cBK | ||
| 999 |
_c232312 _d232312 |
||